000 00279nam a2200109 a 4500
008 101209s1965|||| d
245 1 0 _a20 rokov v ŠD v Košiciach
260 _bVýchodoslovenské vydavateľstvo
_aKošice
_c1965
020 _c30
044 _axo
_cSK
041 _aslo
999 _c14985
_d14985